Pokémon-Trouvez-les tous - Statistiques

Statistiques générales
  • Ce quiz a été pris 54 fois
  • Le résultat moyen est 11 sur 28
Statistiques - réponses
Par images Réponse % Correct
Arceus Plaque Eau
78%
Lugia Obscur
68%
Pikachu Catcheur
68%
Exagide Forme Assaut
60%
Froussardine Forme Banc
60%
Pichu Troizépi
60%
Fulguris Forme Totémique
58%
Dialga Primal
55%
Lougaroc Forme Crépusculaire
55%
Onix de Cristal
50%
Zarbi Point d'exclamation
50%
Prismillon Motif Poké Ball
48%
Motisma Tonte
45%
Sylveroy Cavalier d'Effroi
43%
Darumacho Mode Transe
40%
Motismart
40%
Bargantua Motif Blanc
38%
Coeur de Zygarde
38%
Meloetta Forme Danse
35%
Clone de Dracaufeu
23%
Cheniti sans Cape
20%
Keldeo Aspect Décidé
20%
Necrozma Ailes de l'Aurore
20%
Pichu Kulélé
18%
Couafarel Coupe Monsieur
13%
Spiritomb Clé de Voûte
10%
Xerneas Mode Paisible
8%
Floette Fleur Eternelle
5%
Aucun quiz correspondant
Distribution des résultats
% des personnes avec chaque résultat
Percentile par nombre de réponses
Votre historique - résultats
Vous n’avez pas pris ce quiz